| 000 | 00746cam a2200217 4500 | ||
|---|---|---|---|
| 008 | 2001sp b 000 0 spa u | ||
| 020 | _a8470309242 | ||
| 035 | _aa450477 | ||
| 100 | 1 | _aRodríguez Ferrándiz, Raúl | |
| 245 | 1 | 0 |
_aApocalypse show : _bintelectuales, televisión y fin de milenio / _cRaúl Rodríguez Ferrándiz ; prólogo de Enrique Bustamante. |
| 260 |
_aMadrid, España : _bBiblioteca Nueva : _bUniversidad de Alicante, _c2001. |
||
| 300 |
_a366 p. ; _c21 cm. |
||
| 440 | 0 | _aEnsayos | |
| 504 | _aBibliografía: p. 355-366 | ||
| 504 | _aIncluye bibliografías | ||
| 650 | 4 | _aSemantica (Filosofía) | |
| 650 | 4 | _aTelevisión | |
| 700 | 1 | _aBustamante, Enrique, pról. | |
| 942 |
_2lcc _cLIB |
||
| 999 |
_c132698 _d132698 |
||